LEADER 01089nam--2200373---450- 001 990001320960203316 005 20050104105658.0 035 $a000132096 035 $aUSA01000132096 035 $a(ALEPH)000132096USA01 035 $a000132096 100 $a20031229d1975----km-y0itay0103----ba 101 0 $aita 102 $aIT 105 $a||||||||001yy 200 1 $a<> canzone popolare in America$ela rivoluzione musicale di Woody Guthrie$fAlessandro Portelli 210 $aBari$cDe Donato$d1975 215 $a318 p.$d18 cm 225 2 $aAtti$v40 410 0$12001$aAtti$v40 454 1$12001 461 1$1001-------$12001 676 $a784.7 700 1$aPORTELLI,$bAlessandro$0144446 801 0$aIT$bsalbc$gISBD 912 $a990001320960203316 951 $aVII.4.B. 12(Varie coll. 49/40)$b79036 L.M.$cVarie coll. 959 $aBK 969 $aUMA 979 $aSIAV1$b10$c20031229$lUSA01$h0927 979 $aPATRY$b90$c20040406$lUSA01$h1734 979 $aCOPAT2$b90$c20050104$lUSA01$h1056 996 $aCanzone popolare in America$9131417 997 $aUNISA LEADER 01651nam 2200541 450 001 9910452999303321 005 20200520144314.0 010 $a600-00-4890-4 035 $a(CKB)2550000001101385 035 $a(EBL)3002596 035 $a(SSID)ssj0000888165 035 $a(PQKBManifestationID)12403821 035 $a(PQKBTitleCode)TC0000888165 035 $a(PQKBWorkID)10864211 035 $a(PQKB)10013214 035 $a(MiAaPQ)EBC3002596 035 $a(Au-PeEL)EBL3002596 035 $a(CaPaEBR)ebr10929552 035 $a(OCoLC)893681443 035 $a(EXLCZ)992550000001101385 100 $a20090223d2009 uy| 0 101 0 $aeng 135 $aur|n|---||||| 181 $ctxt 182 $cc 183 $acr 200 10$aSix sigma marketing $efrom cutting costs to growing market share /$fR. Eric Reidenbach 210 1$aMilwaukee, Wisconsin :$cASQ Quality Press,$d2009. 215 $a1 online resource (168 p.) 300 $aDescription based upon print version of record. 311 $a0-87389-768-4 320 $aIncludes bibliographical references and index. 606 $aMarketing$xManagement 606 $aMarketing$xQuality control 606 $aSix sigma (Quality control standard) 608 $aElectronic books. 615 0$aMarketing$xManagement. 615 0$aMarketing$xQuality control. 615 0$aSix sigma (Quality control standard) 676 $a658.8/02 700 $aReidenbach$b R. Eric$0924393 801 0$bMiAaPQ 801 1$bMiAaPQ 801 2$bMiAaPQ 906 $aBOOK 912 $a9910452999303321 996 $aSix sigma marketing$92113450 997 $aUNINA